<?xml version="1.0" encoding="UTF-8"?>
<record
    xmlns:xsi="http://www.w3.org/2001/XMLSchema-instance"
    xsi:schemaLocation="http://www.loc.gov/MARC21/slim http://www.loc.gov/standards/marcxml/schema/MARC21slim.xsd"
    xmlns="http://www.loc.gov/MARC21/slim">

  <leader>00736nam a2200241 i 4500</leader>
  <controlfield tag="001">C2-0337027</controlfield>
  <controlfield tag="003">PPAK</controlfield>
  <controlfield tag="005">20180728135852.0</controlfield>
  <controlfield tag="008">160718s2013    cc a|||| |||||  |   chi d</controlfield>
  <datafield tag="020" ind1=" " ind2=" ">
    <subfield code="a">9787540462260</subfield>
  </datafield>
  <datafield tag="040" ind1=" " ind2=" ">
    <subfield code="a">PPAK</subfield>
    <subfield code="b">eng</subfield>
    <subfield code="c">PPAK</subfield>
    <subfield code="e">rda</subfield>
  </datafield>
  <datafield tag="082" ind1="0" ind2="4">
    <subfield code="a">823</subfield>
    <subfield code="2">23</subfield>
  </datafield>
  <datafield tag="090" ind1="0" ind2="0">
    <subfield code="a">823</subfield>
    <subfield code="b">DIC</subfield>
    <subfield code="d">G</subfield>
  </datafield>
  <datafield tag="100" ind1="1" ind2=" ">
    <subfield code="a">Dickens, Charles, </subfield>
    <subfield code="e">author</subfield>
  </datafield>
  <datafield tag="245" ind1="1" ind2="0">
    <subfield code="a">Da wei ke po fei er : </subfield>
    <subfield code="b">Yuan ban cha tu ben = David Copperfield 1</subfield>
  </datafield>
  <datafield tag="264" ind1=" " ind2="1">
    <subfield code="a">Changsha, China : </subfield>
    <subfield code="b">Hu nan wen yi chu ban she , </subfield>
    <subfield code="c">2013</subfield>
  </datafield>
  <datafield tag="300" ind1=" " ind2=" ">
    <subfield code="a">423 pages : </subfield>
    <subfield code="b">illustrations ; </subfield>
    <subfield code="c">21 cm</subfield>
  </datafield>
  <datafield tag="336" ind1=" " ind2=" ">
    <subfield code="2">rdacontent</subfield>
    <subfield code="a">text</subfield>
  </datafield>
  <datafield tag="337" ind1=" " ind2=" ">
    <subfield code="2">rdamedia</subfield>
    <subfield code="a">unmediated</subfield>
  </datafield>
  <datafield tag="338" ind1=" " ind2=" ">
    <subfield code="2">rdacarrier</subfield>
    <subfield code="a">volume</subfield>
  </datafield>
  <datafield tag="650" ind1="1" ind2="0">
    <subfield code="a">English fiction - Translations into English.</subfield>
  </datafield>
  <datafield tag="942" ind1=" " ind2=" ">
    <subfield code="d">dc</subfield>
    <subfield code="c">B</subfield>
  </datafield>
  <datafield tag="999" ind1=" " ind2=" ">
    <subfield code="c">134743</subfield>
    <subfield code="d">134743</subfield>
  </datafield>
  <datafield tag="952" ind1=" " ind2=" ">
    <subfield code="0">0</subfield>
    <subfield code="7">0</subfield>
    <subfield code="b">PPAK</subfield>
    <subfield code="c">G</subfield>
    <subfield code="d">2016-09-06</subfield>
    <subfield code="l">1</subfield>
    <subfield code="o">823 DIC</subfield>
    <subfield code="p">A01478820</subfield>
    <subfield code="r">2023-12-16 10:10:32</subfield>
    <subfield code="s">2023-12-07</subfield>
    <subfield code="y">B</subfield>
  </datafield>
</record>
